| 000 | 00953cab a2200265 4500 | ||
|---|---|---|---|
| 001 | ABS50758 | ||
| 008 | 090401t1994 xxu||||| |||| 00| 0 eng d | ||
| 035 | _a(Sirsi) u37640 | ||
| 041 | _aeng | ||
| 100 | _aBrown, P. | ||
| 245 | _aValuation in changing markets | ||
| 260 | _c1994 | ||
| 350 | _a0 | ||
| 490 |
_aIRRV Journal _vApril 1994, 88-90(3) |
||
| 520 | _aDiscusses the equated yields method of valuation in the light of recommendations made by the Trott Report and earlier commentators. Looks particularly at the calculation of rental growth implicit in all risks yields and the rental adjustments used where properties are let on different lease terms. | ||
| 650 | _aDISCOUNTED CASH FLOW | ||
| 650 | _aEQUATED YIELDS | ||
| 650 | _aIMPLIED RENTAL GROWTH | ||
| 650 | _aINTERNAL RATE OF RETURN | ||
| 650 | _aNET PRESENT VALUE | ||
| 650 | _aVALUATION METHODS | ||
| 690 | _aRATING AND VALUATION | ||
| 942 | _n0 | ||
| 948 | _c04/03/1997 | ||
| 999 |
_c24271 _d24271 |
||